000 00492nam a2200181 a 4500
001 1773220478212
003 YourLibrary
005 20260311144731.0
008 260311s2007##################000#0#eng##
020 _a9781420054637
082 0 4 _a362.292
_bJUR
100 1 _aJurkiewicz, Carole L.,
_eauthor.
245 1 0 _aSocial and Economic Control of Alcohol :
260 _bCRC Press,
_c2007.
650 0 _aPolitical Science.
942 _cENGLISH
040 _aYourLibrary
_beng
_cYourLibrary
999 _c617545
_d617545